Revue théologique ou examen approfondides questions les pius intéressantes théologie morale, droit canon, liturgie

Detalles Bibliográficos
Formato: Libro
Publicado: París/Lieja 1860
Materias:
Colección:Banco de datos
Acervo:Biblioteca Nacional de Antropología e Historia. Fondo Conventual
Descripción Física:t.I.
Tema general:Revistas
Notas:Buena. XVII, 9, 6. Impreso en Arras por Rousseau Leroy, pertenece a la 5a. serie, comprende los núms. 1-6.
LEADER 00785nam a22001930004500
035 |a 7315 
036 |a 1920 
245 1 0 |a Revue théologique ou examen approfondides questions les pius intéressantes théologie morale, droit canon, liturgie 
260 |a París/Lieja  |b A. Jouby/J.G.Lardinois  |c 1860 
300 |a t.I. 
500 |a Buena. XVII, 9, 6. Impreso en Arras por Rousseau Leroy, pertenece a la 5a. serie, comprende los núms. 1-6. 
650 1 0 |a Revistas 
949 |a B.N.A.H. 
959 |a Biblioteca Nacional de Antropología e Historia. Ciudad de México  |b CCC1 
960 |a Seminario de Morelia  |b DD56 
961 |a Casa de formación del Clero Secular  |b CS 
942 |c B.N.A.H. 
943 |g Biblioteca Nacional de Antropología e Historia. Fondo Conventual 
999 |c 1031847  |d 1031847